| 000 | cam a22 a 4500 | ||
|---|---|---|---|
| 999 |
_c2832 _d2832 |
||
| 003 | AKMAL | ||
| 005 | 20170518112402.0 | ||
| 008 | 170518t20072006my | e | 000 0 eng d | ||
| 020 |
_a9789833830107 _qpaperback _cRM22.90 |
||
| 020 |
_a9833830102 _qpaperback |
||
| 039 | 9 |
_a201605061048 _bVLOAD _c201604260922 _dVLOAD _c201403201201 _dnorizan _c201303071004 _dfadzli |
|
| 040 |
_aAKMAL _beng _cAKMAL |
||
| 049 | _amal | ||
| 082 | 0 | 4 |
_a658 NOE _222 |
| 090 | 0 | 0 |
_a658 _bNOE |
| 090 | 2 | 0 |
_a658 _bNOE |
| 100 | 1 |
_aNoe, John T., _eauthor. _95978 |
|
| 245 | 1 | 0 |
_aPeak Performance Principles for HIGH ACHIEVERS / _cJohn T. Noe |
| 250 | _arevised edition | ||
| 264 | 1 |
_aPetaling Jaya : _bAdvantage Quest Publications, _c2007 |
|
| 264 | 4 | _c©2006 | |
| 300 |
_axv, 183 pages ; _c23 cm |
||
| 336 |
_atext _2rdacontent |
||
| 337 |
_aunmediated _2rdamedia |
||
| 338 |
_avolume _2rdacarrier |
||
| 650 | 1 | 0 |
_aSuccess _92 |
| 650 | 2 | 0 |
_aSelf-actualization (Psychology) _91127 |
| 650 | 2 | 0 |
_aAchievement motivation _91159 |
| 942 |
_2ddc _cBOOK |
||